[Event "Catalunya-chT Gp1"]
[Site "Barcelona"]
[Date "2024.03.02"]
[Round "7.4"]
[White "Alfaro Rojas, Alfonso Jose"]
[Black "Lemeshev, Ilya"]
[Result "1-0"]
[WhiteElo "2301"]
[BlackElo "2236"]
[PlyCount "95"]
[EventDate "2024.01.20"]
[EventType "team-tourn"]
[EventRounds "7"]
[EventCountry "ESP"]
[SourceTitle "CB11_2024"]
[SourceDate "2024.03.13"]
[SourceVersion "1"]
[SourceVersionDate "2024.03.13"]
[SourceQuality "1"]
[WhiteTeam "Tres Peons"]
[BlackTeam "Figueres"]
[WhiteTeamCountry "ESP"]
[BlackTeamCountry "ESP"]

1. Nf3 Nf6 2. g3 g6 3. Bg2 Bg7 4. 0-0 0-0 5. d3 c5 6. e4 Nc6 7. Nbd2 b5 8. a4 b4 9. e5 Ng4 10. Re1 Ba6 11. Nb3 d6 12. exd6 exd6 13. h3 Nf6 14. Bf4 Qd7 15. Qc1 Rfe8 16. Rxe8+ Rxe8 17. Bh6 Bh8 18. Qd2 Bb7 19. Re1 Nd5 20. Rxe8+ Qxe8 21. Ng5 Nd4 22. Nxd4 Bxd4 23. Ne4 Qd7 24. c3 Bh8 25. d4 cxd4 26. c4 Nc3 27. bxc3 dxc3 28. Qd1 Bc6 29. Nxd6 Bxg2 30. Kxg2 Be5 31. c5 Qc6+ 32. Kg1 Qxc5 33. Nb5 Qe7 34. Qd5 Qe8 35. Nd6 Bxd6 36. Qxd6 c2 37. Qxb4 Qc8 38. Qb2 f6 39. Qb3+ Kh8 40. Qe3 Kg8 41. Qb3+ Kh8 42. Bc1 Kg7 43. h4 Qc6 44. Qe3 Qxa4 45. Qe7+ Kg8 46. Qxf6 Qe4 47. Kh2 Qc4 48. Bh6 1-0

[Event "Catalunya-chT Gp1"]
[Site "Barcelona"]
[Date "2024.02.17"]
[Round "5.3"]
[White "Prie, Eric"]
[Black "Lemeshev, Ilya"]
[Result "0-1"]
[WhiteElo "2346"]
[BlackElo "2236"]
[PlyCount "50"]
[EventDate "2024.01.20"]
[EventType "team-tourn"]
[EventRounds "7"]
[EventCountry "ESP"]
[SourceTitle "CB11_2024"]
[SourceDate "2024.03.13"]
[SourceVersion "1"]
[SourceVersionDate "2024.03.13"]
[SourceQuality "1"]
[WhiteTeam "Olot"]
[BlackTeam "Figueres"]
[WhiteTeamCountry "ESP"]
[BlackTeamCountry "ESP"]

1. e4 c6 2. d4 d5 3. exd5 cxd5 4. Bd3 Nf6 5. h3 Nc6 6. c3 g6 7. Bf4 Bf5 8. Bxf5 gxf5 9. Ne2 e6 10. 0-0 Nh5 11. Bh2 Bd6 12. Bxd6 Qxd6 13. Nd2 Rg8 14. a4 Rg7 15. Kh1 0-0-0 16. a5 Rdg8 17. Rg1 e5 18. dxe5 Nxe5 19. Qc2 Rg5 20. Nf1 f4 21. f3 Ng6 22. a6 b6 23. Rd1 Nh4 24. Qxh7 Qe6 25. Nd4 Qxh3+ 0-1